|
|
|
|
| LEADER |
00564cam a2200169 7i4500 |
| 001 |
0000017275 |
| 005 |
20060417090000.0 |
| 022 |
0 |
0 |
|a 1741-0193
|
| 090 |
0 |
0 |
|a TANZ 330.9
|b TAN
|
| 245 |
0 |
0 |
|a Tanzania :
|b EIU Country profile 2005.
|
| 260 |
0 |
0 |
|a London:
|b The Economist Intelligence Unit,
|c 2005.
|
| 300 |
# |
# |
|a 67 p.
|
| 650 |
0 |
0 |
|a Tanzania --
|x Country profile
|
| 651 |
0 |
0 |
|a Tanzania
|
| 999 |
|
|
|a SBH000480B
|b Book
|c Countries
|e MATRADE Sabah
|
| 999 |
|
|
|a PNG000489B
|b Book
|c Countries
|e MATRADE Northern Regional Office
|
| 999 |
|
|
|a B000018566
|b Book
|c Countries
|e Business Information Centre
|